000 00802cab a2200229 4500
001 ##L133735
008 060606n2006 000 0 eng u
035 _a(Sirsi) u133735
041 0 _aeng
100 1 _aMcAllister, Sean
245 0 0 _aStaffs and Shrops
_bregional
260 _c2006
490 0 _aProperty Week
_v71(22) 2 June 2006, 105-119(6)
520 _aLooks at plans for a central business district in Stoke-on-Trent; conflict between a developer and Telford council that may threaten the town's development; and a massive new industrial development in Staffordshire.
590 _aIKA200606
651 4 _aSTAFFORDSHIRE
651 4 _aSHROPSHIRE
651 4 _aSTOKE-ON-TRENT
651 4 _aTELFORD
690 _aPROPERTY-COMMERCIAL PROPERTY-COMMERCIAL PROPERTY MARKET
942 _n0
999 _c77181
_d77181